=LDR 00000nam 2200000 4500 =001 INLIS000000000016536 =005 20130612111823 =008 ***********************************Ind** =035 ##$$a0010-061300000016536 =041 ##$$a Ind =082 ##$$a 060 =090 ##$$a 060, Sia t =100 ##$$a Siagian, Sondang P =245 ##$$a Teori pengembangan organisasi, Prof. Dr. Sondang P. siagian, MPA =260 ##$$a [19...?] $b [s.l] =300 ##$$a xiii, 270 hlm, 23 cm =650 ##$$a Organisasi =850 ##$$a NBPNMAT =990 ##$$a 0001/BPAP-NTB/20142014 =990 ##$$a 00040191